Proposal of methodology for closing material loop in industrial companies

Saved in:
Bibliographic Details
Main Author: Špirková, Marta, 1988- (Author)
Other Authors: Šujanová, Jana, 1961- (Thesis advisor)
Format: Manuscript Book
Language:Slovak
English
Published: 2017
Subjects:
Online Access:http://is.stuba.sk/zp/portal_zp.pl?podrobnosti=132571
Tags: Add Tag
No Tags, Be the first to tag this record!

MARC

LEADER 00000ntm a22000003a 4500
001 stuzp57031
003 SK-STU
005 20180910085804.9
007 ta
008 150427s2015----xo-----f-mn---000-0-slo-d
040 |a STU  |b slo 
041 0 |a eng 
044 |a xo 
100 1 |a Špirková, Marta,  |d 1988-  |u 064000  |4 aut  |9 100  |U MTF Materiálovotechnologická fakulta  |T MTF Ústav priemyselného inžinierstva a manažmentu  |X 59738  |U M4000  |Y 84  |7 A000059738 
242 0 1 |a Návrh metodiky na uzavretie materiálovej slučky v priemyselných podnikoch  |y slo 
245 1 0 |a Proposal of methodology for closing material loop in industrial companies 
260 |c 2017 
300 |a 188  |e príloha 
650 4 |a cyklická ekonomika  |2 slo 
650 4 |a materiálová slučka  |2 slo 
650 4 |a materiálové náklady  |2 slo 
650 4 |a nedostatok zdrojov  |2 slo 
650 4 |a material loop  |2 eng 
650 4 |a resource scarcity  |2 eng 
650 4 |a circular economy  |2 eng 
650 4 |a material costs  |2 eng 
700 1 |a Šujanová, Jana,  |d 1961-  |u 064000  |k Z1  |4 ths  |U MTF Materiálovotechnologická fakulta  |T MTF Ústav priemyselného inžinierstva a manažmentu  |X 2306  |U M4000  |Y 84  |7 A000002306 
856 4 |u http://is.stuba.sk/zp/portal_zp.pl?podrobnosti=132571 
996 |b .  |c M* DzP-614  |l MMSKP  |s P  |a 0  |w stuzp57031_0001